000
00202 a2200097 4500
001
29821
100
_a
Colin
245
_a
Programmer's Introduction
260
_a
_b
Macdonald
_c
090
_c
19837
_d
19837
942
_a
NUST-CAE
_c
M
_c
10932
999
_c
264894
_d
264894